The protein protocols handbook
محفوظ في:
| المؤلف الرئيسي: | |
|---|---|
| التنسيق: | كتاب |
| اللغة: | الإنجليزية |
| منشور في: |
Totowa, NJ., USA :
Humana Press,
1996.
|
| الموضوعات: | |
| الوسوم: |
إضافة وسم
لا توجد وسوم, كن أول من يضع وسما على هذه التسجيلة!
|
MARC
| LEADER | 00000nam a22000007a 4500 | ||
|---|---|---|---|
| 003 | CL-VaPUC | ||
| 005 | 20220317074307.0 | ||
| 008 | 220316b1996 ||||| |||| 00| 0 eng d | ||
| 999 | |c 434865 |d 434863 | ||
| 020 | |a 0896033392 | ||
| 040 | |c Pontificia Universidad Católica de Valparaíso | ||
| 082 | |a 660.63 WAL 1996 |2 21 | ||
| 100 | 1 | |a Walker, John M. |e author |9 867229 | |
| 245 | 1 | 4 | |a The protein protocols handbook |
| 260 | |a Totowa, NJ., USA : |b Humana Press, |c 1996. | ||
| 300 | |a 809 páginas | ||
| 583 | |c 20220316 |k Cristina María Rojas Aguilar | ||
| 650 | 0 | |a Proteína |x Análisis |9 394534 | |
| 650 | 0 | |a Proteína |x Manuales de laboratorio |9 867230 | |
| 942 | |2 ddc |c BK | ||
| 952 | |0 0 |1 0 |2 ddc |4 0 |6 660_630000000000000_WAL_1996 |7 0 |8 A |9 581875 |a BIBCUR |b BIBCUR |c GEN |d 2022-03-16 |i 3449629 |o 660.63 WAL 1996 |p 3449629 |r 2025-04-22 |w 2022-03-16 |y BK |k BCB | ||